Miasta w Polsce zakończone na -cki na mapie - Statystyki

Ogólne statystyki
  • Ten quiz został rozwiązany 177 razy
  • Średni wynik to 5 z 8
Odpowiedzi na mapie
Odpowiedzi zakodowano w zielono-czerwonej skali na mapie do tego quizu, zgodnie z poniższymi procentami.
 
Statystyki odpowiedzi
Województwo Miasto % Poprawnych
Łódzkie Tomaszów Mazowiecki
88%
Mazowieckie Mińsk Mazowiecki
80%
Mazowieckie Grodzisk Mazowiecki
74%
Mazowieckie Nowy Dwór Mazowiecki
71%
Mazowieckie Ożarów Mazowiecki
64%
Mazowieckie Maków Mazowiecki
60%
Dolnośląskie Kamieniec Ząbkowicki
43%
Mazowieckie Kosów Lacki
38%
Nie znaleziono quizów pasujących do podanych kryteriów
Rozkład punktacji
Procent ludzi z każdym wynikiem
Percentyl według liczby udzielonych odpowiedzi
Twoja historia wyników
Nie rozwiązałeś tego quizu